000 00415nam a2200157Ia 4500
999 _c5449
_d5449
003 0100
008 130227s9999 xx 000 0 und d
040 _cARRUPELIB
050 _aBX870.1978Z54
100 _aCurran, Charles E.
_92911
245 4 _aThe moral theology of John Paul II
_cCharles E. Curran
260 _aLodnon
_bT and T Clark
_c2006
300 _axi
300 _b 262p. 19cm.
942 _2lcc
_cMONOGRAPH